Mathematical analysis for economists : R.G.D. Allen

Saved in:
Bibliographic Details
Main Author: Allen, R. G. D. (Roy George Douglas)
Format: Book
Language:English
Published: London : Macmillan, 1968
Subjects:
Tags: Add Tag
No Tags, Be the first to tag this record!

MARC

LEADER 00000nam a2200000 i 4500
001 1/56613
008 960304s1968 eng d
020 |z 333-01550-9 
035 |l 10028053 
040 |a GR-MY-UA  |b gre  |e aacr 
041 0 |a eng 
082 0 |a 510.2433 
100 1 |a Allen, R. G. D.  |q (Roy George Douglas) 
245 1 0 |a Mathematical analysis for economists :  |b R.G.D. Allen 
260 |a London :   |b Macmillan,   |c 1968 
300 |a 548 p. 
650 0 0 |a Economics, Mathematical. 
852 |a INST  |b CHIOS  |e 19960304  |h 510.2433 ALL  |p 005200000781  |q 005200000781  |t BK  |y 0 
909 |a Χ  |b 000625